| 000 | 00595nam a2200241Ia 4500 | ||
|---|---|---|---|
| 003 | OSt | ||
| 005 | 20220926031317.0 | ||
| 006 | a|||||r|||| 00| 0 | ||
| 007 | ta | ||
| 008 | 220923b |||||||| |||| 00| 0 eng d | ||
| 037 | _cGeneral Book | ||
| 040 |
_aRTL _cRTL _beng |
||
| 041 |
_2eng _aeng |
||
| 082 | _aX9.N66r, K6 | ||
| 110 |
_aIRI _9335487 |
||
| 245 | 0 | _aAnnual report(1965) | |
| 260 |
_aRome _bIRI _c1966 |
||
| 300 |
_a202p. _ccm. |
||
| 500 | _aAppendices:97-187p | ||
| 700 |
_aIRI _9335488 |
||
| 942 |
_hX9.N66r, K6 _cGB _2CC |
||
| 999 |
_c652027 _d652027 |
||